Loading...
| Arts - Painting | 1 | 4 | 0 | 2 | 55 | 69 | 120.80 | 1 | 5 |
| Other - Pop Culture | 1 | 1 | 0 | 0 | 25 | 64 | 91.50 | 1 | 2 |
| Arts - Other Arts | 1 | 1 | 0 | 0 | 25 | 70 | 72.00 | 2 | 2 |
| History - Euro History | 1 | 1 | 0 | 0 | 25 | 69 | 81.00 | 2 | 2 |
| Science - Chemistry | 0 | 2 | 0 | 1 | 20 | 91 | 105.50 | 0 | 2 |
| Science - Biology | 0 | 2 | 0 | 1 | 20 | 74 | 99.50 | 1 | 2 |
| Arts - Music | 0 | 2 | 1 | 0 | 15 | 85 | 89.00 | 1 | 2 |
| Other - Other Academic | 0 | 1 | 0 | 1 | 10 | 139 | 139.00 | 0 | 1 |
| Literature - Euro Lit | 0 | 1 | 0 | 0 | 10 | 83 | 83.00 | 1 | 1 |
| Literature - British Lit | 0 | 1 | 0 | 0 | 10 | 84 | 84.00 | 1 | 1 |
| Beliefs - Mythology | 0 | 1 | 1 | 0 | 5 | 88 | 88.00 | 1 | 1 |
| Literature - World Lit | 0 | 0 | 1 | 0 | -5 | 0.00 | 0 | 0 |